Цифровой регулятор для системы управления с исполнительным механизмом постоянной скорости; Известия Томского политехнического университета [Известия ТПУ]; Т. 307, № 6

Podrobná bibliografie
Parent link:Известия Томского политехнического университета [Известия ТПУ]/ Томский политехнический университет (ТПУ).— , 2000-
Т. 307, № 6.— 2004.— [С. 131-134]
Hlavní autor: Горюнов А. Г. Алексей Германович
Další autoři: Ливенцов С. Н. Сергей Николаевич
Shrnutí:Заглавие с титульного листа
Электронная версия печатной публикации
Рассматриваются недостатки стандартного регулятора системы автоматического управления с исполнительным механизмом постоянной скорости и искажения, вносимые им при реализации типового закона регулирования, влияние нелинейностей на качество регулирования. Предлагается новая реализация цифрового регулятора, обеспечивающего аппроксимацию типового закона регулирования с высокой точностью в широком диапазоне изменения параметров.
Jazyk:ruština
Vydáno: 2004
Edice:Технические науки
Témata:
On-line přístup:http://www.lib.tpu.ru/fulltext/v/Bulletin_TPU/2004/v307/i6/30.pdf
Médium: MixedMaterials Elektronický zdroj Kapitola
KOHA link:https://koha.lib.tpu.ru/cgi-bin/koha/opac-detail.pl?biblionumber=169924

MARC

LEADER 00000nla2a2200000 4500
001 169924
005 20240202103903.0
035 |a (RuTPU)RU\TPU\book\184291 
035 |a RU\TPU\book\184290 
090 |a 169924 
100 |a 20091118d2004 k y0rusy50 ca 
101 0 |a rus 
102 |a RU 
135 |a drnn ---uucaa 
181 0 |a i  
182 0 |a b 
200 1 |a Цифровой регулятор для системы управления с исполнительным механизмом постоянной скорости  |f А. Г. Горюнов, С. Н. Ливенцов 
203 |a Текст  |c электронный 
215 |a 1 файл (391 Кб) 
225 1 |a Технические науки 
300 |a Заглавие с титульного листа 
300 |a Электронная версия печатной публикации 
320 |a [Библиогр.: с. 134 (6 назв.)] 
330 |a Рассматриваются недостатки стандартного регулятора системы автоматического управления с исполнительным механизмом постоянной скорости и искажения, вносимые им при реализации типового закона регулирования, влияние нелинейностей на качество регулирования. Предлагается новая реализация цифрового регулятора, обеспечивающего аппроксимацию типового закона регулирования с высокой точностью в широком диапазоне изменения параметров. 
337 |a Adobe Reader 
461 1 |0 (RuTPU)RU\TPU\book\176237  |t Известия Томского политехнического университета [Известия ТПУ]  |f Томский политехнический университет (ТПУ)  |d 2000- 
463 1 |0 (RuTPU)RU\TPU\book\184225  |t Т. 307, № 6  |v [С. 131-134]  |d 2004  |p 191  
610 1 |a цифровые регуляторы 
610 1 |a системы 
610 1 |a управление 
610 1 |a исполнительные механизмы 
610 1 |a скорость 
610 1 |a недостатки 
610 1 |a искажения 
610 1 |a законы регулирования 
610 1 |a нелинейность 
610 1 |a регулирование 
610 1 |a реализация 
610 1 |a аппроксимация 
610 1 |a диапазоны 
610 1 |a изменения 
610 1 |a параметры 
610 1 |a труды учёных ТПУ 
610 1 |a электронный ресурс 
700 1 |a Горюнов  |b А. Г.  |c специалист в области автоматического управления  |c заведующий кафедрой Томского политехнического университета, доктор технических наук  |f 1979-  |g Алексей Германович  |3 (RuTPU)RU\TPU\pers\25726  |9 11628 
701 1 |a Ливенцов  |b С. Н.  |c специалист в области автоматического управления  |c профессор Томского политехнического университета, доктор технических наук  |f 1955-  |g Сергей Николаевич  |3 (RuTPU)RU\TPU\pers\25467  |9 11406 
801 1 |a RU  |b 63413507  |c 20090623  |g PSBO 
801 2 |a RU  |b 63413507  |c 20210728  |g PSBO 
856 4 |u http://www.lib.tpu.ru/fulltext/v/Bulletin_TPU/2004/v307/i6/30.pdf 
942 |c CF